| 000 | 00421nam a22001337a 4500 | ||
|---|---|---|---|
| 008 | 230609b xxu||||| |||| 00| 0 eng d | ||
| 082 |
_a354.62007232 _bGOK |
||
| 245 |
_aReport of the Public Accounts Committee on the Government of Kenya Accounts for the Year 1996/97 _cGovernment of Kenya |
||
| 260 |
_aKenya _bGovernment of Kenya _c1997 |
||
| 300 | _a707 p | ||
| 440 | _v1 | ||
| 710 | _bGovernment of Kenya | ||
| 942 |
_2ddc _cBK |
||
| 999 |
_c898 _d898 |
||